Compagnies ferroviaires nationales des pays d'Europe - Statistiques

Statistiques générales
  • Ce quiz a été pris 33 fois
  • Le résultat moyen est 17 sur 36
Statistiques - réponses
Par images Hint Réponse % Correct
SNCF France
100%
DB Allemagne
87%
Renfe Espagne
87%
ÖBB Autriche
83%
Italie
83%
SBB/CFF/FFS Suisse
83%
SNCB/NMBS Belgique
80%
Irlande
70%
CP Portugal
63%
BR Royaume-Uni
63%
DSB Danemark
53%
NS Pays-Bas
53%
BCh Biélorussie
50%
Vy Norvège
47%
MÁV Hongrie
43%
SJ Suède
43%
BDŽ Bulgarie
40%
PKP Pologne
40%
ČD République Tchèque
40%
ŽS Serbie
40%
Slovénie
40%
Croatie
37%
CFL Luxembourg
37%
RZhD Russie
37%
CFR Roumanie
30%
OSE Grèce
27%
VR Finlande
23%
LDz Lettonie
23%
Macédoine du Nord
23%
ŽSR Slovaquie
23%
ŽFBH Bosnie Herzégovine
20%
UZ Ukraine
20%
HSh Albanie
17%
EVR Estonie
17%
CFM Moldavie
17%
ŽCG Monténégro
13%
Aucun quiz correspondant
Distribution des résultats
% des personnes avec chaque résultat
Percentile par nombre de réponses
Votre historique - résultats
Vous n’avez pas pris ce quiz